[Event "ROM-chT"]
[Site "Baile Tusnad"]
[Date "2005.05.28"]
[Round "8"]
[White "Stan, Dragos Ioan"]
[Black "Dumitrescu, Dragos"]
[Result "1/2-1/2"]
[WhiteElo "1970"]
[BlackElo "2353"]
[PlyCount "88"]
[EventDate "2005.05.21"]
[EventType "team-tourn"]
[EventRounds "9"]
[EventCountry "ROU"]
[SourceTitle "CBM 106 Extra"]
[Source "ChessBase"]
[SourceDate "2005.07.01"]
[SourceVersion "1"]
[SourceVersionDate "2005.07.01"]
[SourceQuality "1"]

1. d4 Nf6 2. c4 g6 3. Nc3 Bg7 4. e4 d6 5. f4 0-0 6. Nf3 c5 7. d5 Bg4 8. Be2 e6 9. 0-0 exd5 10. cxd5 Re8 11. h3 Bxf3 12. Bxf3 Na6 13. Re1 Nd7 14. Be3 Qa5 15. Qb3 Rab8 16. Nb5 Qb6 17. Rac1 Nc7 18. Nxc7 Qxc7 19. Bd2 b5 20. Bc3 Bh6 21. Bd2 a5 22. Qc2 Qb6 23. Kh1 Re7 24. h4 Rbe8 25. g4 Qd8 26. g5 Bg7 27. Bc3 Bxc3 28. bxc3 f5 29. Re2 Rf7 30. Rce1 fxe4 31. Rxe4 Rxe4 32. Qxe4 c4 33. Bg4 Nc5 34. Bh3 Qf8 35. Rf1 Qe7 36. f5 gxf5 37. Bxf5 h6 38. Qg4 hxg5 39. hxg5 Rg7 40. g6 Qe3 41. Bb1 Re7 42. Qc8+ Re8 43. Qf5 Qh6+ 44. Kg1 Rf8 1/2-1/2

[Event "ROM-chT"]
[Site "Tusnad"]
[Date "2004.05.09"]
[Round "9.3"]
[White "Dumitrescu, Dragos"]
[Black "Nevednichy, Vladislav"]
[Result "1/2-1/2"]
[WhiteElo "2349"]
[BlackElo "2548"]
[PlyCount "90"]
[EventDate "2004.05.05"]
[EventType "team-tourn"]
[EventRounds "9"]
[EventCountry "ROU"]
[SourceTitle "EXT 2008"]
[Source "ChessBase"]
[SourceDate "2007.11.25"]
[SourceVersion "1"]
[SourceVersionDate "2007.11.25"]
[SourceQuality "1"]

1. d4 Nf6 2. Bg5 c5 3. Bxf6 gxf6 4. d5 Qb6 5. Qc1 f5 6. c3 Na6 7. g3 h5 8. h4 Qh6 9. Na3 Nc7 10. Bg2 d6 11. Nh3 b5 12. 0-0 Qxc1 13. Raxc1 Rb8 14. Nc2 a5 15. a3 Bb7 16. Rcd1 e6 17. Ne3 Ke7 18. f4 Bg7 19. Kh2 Ba6 20. b4 Bxc3 21. bxc5 Rhd8 22. cxd6+ Rxd6 23. dxe6 fxe6 24. Rxd6 Kxd6 25. Rd1+ Ke7 26. Rc1 b4 27. Nd1 Nb5 28. a4 Nd4 29. Nxc3 bxc3 30. Rxc3 Bxe2 31. Ng1 Bg4 32. Rc5 Rb2 33. Kh1 Rb1 34. Kh2 Nb3 35. Rb5 Nd2 36. Rxa5 Rb2 37. Kh1 Ra2 38. Ra7+ Kd6 39. a5 Ne4 40. Kh2 Nd2 41. Kh1 Nb3 42. a6 Nc5 43. Ra8 Rxa6 44. Rxa6+ Nxa6 45. Nf3 Nc5 1/2-1/2

[Event "Marianske Lazne op"]
[Site "Marianske Lazne"]
[Date "2003.??.??"]
[Round "2.3"]
[White "Dumitrescu, Dragos"]
[Black "Schoen, Rudolf"]
[Result "1-0"]
[WhiteElo "2346"]
[BlackElo "2024"]
[PlyCount "41"]
[EventDate "2003.01.25"]
[EventType "swiss"]
[EventRounds "9"]
[EventCountry "CZE"]
[SourceTitle "CBM 092 Extra"]
[Source "ChessBase"]
[SourceDate "2003.03.07"]
[SourceVersion "1"]
[SourceVersionDate "2003.03.07"]
[SourceQuality "1"]

1. d4 Nf6 2. Bg5 c5 3. Bxf6 gxf6 4. d5 Qb6 5. Qc1 Bg7 6. g3 0-0 7. Bg2 f5 8. c3 d6 9. Nh3 Nd7 10. Na3 Nf6 11. 0-0 Qa6 12. Qd2 b5 13. Nc2 Bb7 14. Ne3 Ne4 15. Qd3 c4 16. Qc2 e6 17. Bxe4 fxe4 18. Qxe4 exd5 19. Qg4 Kh8 20. Ng5 Qc6 21. Qf5 1-0

[Event "Pardubice Czech op"]
[Site "Pardubice"]
[Date "2001.07.28"]
[Round "9"]
[White "De Vreugt, Dennis"]
[Black "Dumitrescu, Dragos"]
[Result "1/2-1/2"]
[WhiteElo "2429"]
[BlackElo "2333"]
[PlyCount "35"]
[EventDate "2001.07.20"]
[EventType "swiss"]
[EventRounds "9"]
[EventCountry "CZE"]
[SourceTitle "CBM 083 Extra"]
[Source "ChessBase"]
[SourceDate "2001.09.11"]
[SourceVersion "1"]
[SourceVersionDate "2001.09.11"]
[SourceQuality "1"]

1. e4 c5 2. Nf3 d5 3. d4 cxd4 4. Nxd4 Nf6 5. Nc3 e6 6. g4 h6 7. Be3 Nc6 8. h3 a6 9. Bg2 Qc7 10. f4 Nxd4 11. Qxd4 e5 12. Qd2 exf4 13. Bxf4 Be6 14. 0-0-0 0-0-0 15. Rhf1 Be7 16. Rf3 Qa5 17. Nxd5 Qxd2+ 18. Rxd2 1/2-1/2

[Event "ROM-chT2"]
[Site "Baile Tusnad"]
[Date "2000.??.??"]
[Round "?"]
[White "Sebe Vodislav, Florian George"]
[Black "Dumitrescu, Dragos"]
[Result "1/2-1/2"]
[WhiteElo "2162"]
[BlackElo "2358"]
[PlyCount "44"]
[EventDate "2000.??.??"]
[EventType "team-tourn"]
[EventRounds "9"]
[EventCountry "ROU"]
[SourceTitle "EXT 2001"]
[Source "ChessBase"]
[SourceDate "2000.11.22"]
[SourceVersion "1"]
[SourceVersionDate "2000.11.22"]
[SourceQuality "1"]

1. e4 c5 2. Nc3 Nc6 3. Nf3 e5 4. Bc4 d6 5. d3 Be7 6. Nd2 Nf6 7. Nf1 0-0 8. Ne3 Na5 9. 0-0 Nxc4 10. dxc4 Be6 11. Qd3 Ne8 12. g3 g6 13. Ncd5 f5 14. exf5 gxf5 15. f4 e4 16. Qd2 Nf6 17. b3 Nxd5 18. Nxd5 Bxd5 19. Qxd5+ Rf7 20. Be3 Bf8 21. Rad1 Qf6 22. Qd2 Re8 1/2-1/2

[Event "Pardubice KB op"]
[Site "Pardubice"]
[Date "1999.07.17"]
[Round "2"]
[White "Dumitrescu, Dragos"]
[Black "Neverov, Valeriy"]
[Result "0-1"]
[WhiteElo "2394"]
[BlackElo "2549"]
[PlyCount "34"]
[EventDate "1999.07.11"]
[EventType "swiss"]
[EventRounds "9"]
[EventCountry "CZE"]
[SourceTitle "EXT 2000"]
[Source "ChessBase"]
[SourceDate "1999.11.16"]
[SourceVersion "1"]
[SourceVersionDate "1999.11.16"]
[SourceQuality "1"]

1. d4 Nf6 2. Bg5 e6 3. e4 h6 4. Bxf6 Qxf6 5. Nf3 d6 6. Nc3 Nd7 7. Qd2 g6 8. Be2 a6 9. 0-0 Bg7 10. Rad1 0-0 11. a4 b6 12. Rfe1 Bb7 13. Bc4 Qe7 14. Qe3 c5 15. dxc5 Nxc5 16. e5 Bxf3 17. exd6 Qh4 0-1

[Event "Linares Anibal op 06th"]
[Site "Linares"]
[Date "1999.01.13"]
[Round "6"]
[White "Bologan, Viktor"]
[Black "Dumitrescu, Dragos"]
[Result "1-0"]
[WhiteElo "2585"]
[BlackElo "2405"]
[PlyCount "65"]
[EventDate "1999.01.??"]
[EventType "swiss"]
[EventRounds "10"]
[EventCountry "ESP"]
[SourceTitle "CBM 068 Extra"]
[Source "ChessBase"]
[SourceDate "1999.03.01"]
[SourceVersion "1"]
[SourceVersionDate "1999.03.01"]
[SourceQuality "1"]

1. e4 c5 2. Nf3 d6 3. d4 cxd4 4. Nxd4 Nf6 5. Nc3 e6 6. g4 h6 7. h4 Nc6 8. Rg1 d5 9. Bb5 Bd7 10. exd5 Nxd5 11. Nxd5 exd5 12. Be3 Qxh4 13. Qe2 Be7 14. 0-0-0 Kf8 15. Bxc6 bxc6 16. Qa6 Qf6 17. Qb7 Rd8 18. Nb3 Qe5 19. Qxa7 Kg8 20. Rde1 Bg5 21. Bxg5 Qxg5+ 22. Kb1 Qf4 23. Nc5 Bxg4 24. Nd3 Qf5 25. Qd4 h5 26. Re3 Kh7 27. f3 c5 28. Nxc5 Rhe8 29. Rxe8 Rxe8 30. fxg4 hxg4 31. a4 Re2 32. Rxg4 Rxc2 33. Qxg7# 1-0

[Event "ROM-ch sf"]
[Site "Baile Tusnad"]
[Date "1999.??.??"]
[Round "3"]
[White "Biro, Sandor"]
[Black "Dumitrescu, Dragos"]
[Result "1/2-1/2"]
[WhiteElo "2307"]
[BlackElo "2394"]
[PlyCount "29"]
[EventDate "1999.09.??"]
[EventType "swiss"]
[EventRounds "9"]
[EventCountry "ROU"]
[SourceTitle "EXT 2000"]
[Source "ChessBase"]
[SourceDate "1999.11.16"]
[SourceVersion "1"]
[SourceVersionDate "1999.11.16"]
[SourceQuality "1"]

1. e4 c5 2. Nf3 d6 3. c3 Nf6 4. Be2 g6 5. 0-0 Bg7 6. Bb5+ Bd7 7. Bxd7+ Qxd7 8. Re1 0-0 9. d4 e6 10. e5 Nd5 11. exd6 Qxd6 12. dxc5 Qxc5 13. Nbd2 Nc6 14. Ne4 Qb6 15. Qe2 1/2-1/2

[Event "ROM-ch sf"]
[Site "Baile Tusnad"]
[Date "1999.??.??"]
[Round "5"]
[White "Popescu, Daniel Dorin"]
[Black "Dumitrescu, Dragos"]
[Result "1-0"]
[WhiteElo "2355"]
[BlackElo "2394"]
[PlyCount "53"]
[EventDate "1999.09.??"]
[EventType "swiss"]
[EventRounds "9"]
[EventCountry "ROU"]
[SourceTitle "EXT 2000"]
[Source "ChessBase"]
[SourceDate "1999.11.16"]
[SourceVersion "1"]
[SourceVersionDate "1999.11.16"]
[SourceQuality "1"]

1. e4 c5 2. Nf3 d6 3. d4 cxd4 4. Nxd4 e6 5. Nc3 Nf6 6. g3 Be7 7. Bg2 0-0 8. 0-0 a6 9. Be3 Qc7 10. g4 Nc6 11. g5 Nd7 12. Nxc6 bxc6 13. f4 d5 14. Qh5 Bc5 15. Bxc5 Nxc5 16. Kh1 Rb8 17. b3 Rb4 18. e5 f5 19. gxf6 gxf6 20. Ne2 Qf7 21. Qh3 Ne4 22. c3 Rb7 23. Bxe4 dxe4 24. Ng3 fxe5 25. fxe5 Qg7 26. Nh5 Qh6 27. Rf6 1-0

[Event "Metz op 16th"]
[Site "Metz"]
[Date "1998.04.13"]
[Round "9"]
[White "Scavo, Fernando"]
[Black "Dumitrescu, Dragos"]
[Result "0-1"]
[WhiteElo "2255"]
[BlackElo "2400"]
[PlyCount "84"]
[EventDate "1998.04.06"]
[EventType "swiss"]
[EventRounds "9"]
[EventCountry "FRA"]
[SourceTitle "EXT 1999"]
[Source "ChessBase"]
[SourceDate "1998.11.16"]
[SourceVersion "1"]
[SourceVersionDate "1998.11.16"]
[SourceQuality "1"]

1. e4 c5 2. c3 Nf6 3. e5 Nd5 4. d4 cxd4 5. Nf3 Nc6 6. cxd4 d6 7. Bc4 Nb6 8. Bb5 dxe5 9. Nxe5 Bd7 10. Nxd7 Qxd7 11. Nc3 e6 12. Be3 Be7 13. Qg4 0-0 14. 0-0 f5 15. Qh5 a6 16. Bd3 Nxd4 17. Rad1 Bf6 18. Bb1 Rad8 19. Bxd4 Bxd4 20. Ne2 Qa4 21. b3 Qb4 22. Qh4 Bc5 23. Qxd8 Rxd8 24. Rxd8+ Kf7 25. Rd3 Nd5 26. Rc1 b5 27. Rcd1 Kf6 28. Nd4 Nc3 29. a3 Qxa3 30. Rxc3 Bxd4 31. Rcd3 e5 32. Rf3 g6 33. g4 f4 34. Be4 Qc5 35. Kg2 Kg5 36. h4+ Kxg4 37. Rg1 Kh5 38. Rh1 a5 39. Rd3 Qc8 40. Bf3+ Kh6 41. Be4 Qg4+ 42. Kh2 Bxf2 0-1

[Event "Metz op 16th"]
[Site "Metz"]
[Date "1998.04.11"]
[Round "7"]
[White "Hamdouchi, Hicham"]
[Black "Dumitrescu, Dragos"]
[Result "1-0"]
[WhiteElo "2535"]
[BlackElo "2400"]
[PlyCount "43"]
[EventDate "1998.04.06"]
[EventType "swiss"]
[EventRounds "9"]
[EventCountry "FRA"]
[SourceTitle "EXT 1999"]
[Source "ChessBase"]
[SourceDate "1998.11.16"]
[SourceVersion "1"]
[SourceVersionDate "1998.11.16"]
[SourceQuality "1"]

1. e4 c5 2. Nf3 d6 3. d4 cxd4 4. Nxd4 Nf6 5. Nc3 e6 6. f4 Nc6 7. Be3 Be7 8. Qf3 Bd7 9. 0-0-0 Qc7 10. g4 Nxd4 11. Bxd4 e5 12. fxe5 dxe5 13. Qg3 Bd6 14. Bf2 Rc8 15. Qd3 Nxg4 16. Bxa7 Be7 17. Nd5 Qd6 18. h3 Qh6+ 19. Kb1 Bc6 20. Nxe7 Kxe7 21. Bc5+ Ke8 22. hxg4 1-0

[Event "Metz op 16th"]
[Site "Metz"]
[Date "1998.04.08"]
[Round "4"]
[White "Dumitrescu, Dragos"]
[Black "Alet, Jean Pierre"]
[Result "1-0"]
[WhiteElo "2400"]
[BlackElo "2210"]
[PlyCount "71"]
[EventDate "1998.04.06"]
[EventType "swiss"]
[EventRounds "9"]
[EventCountry "FRA"]
[SourceTitle "EXT 1999"]
[Source "ChessBase"]
[SourceDate "1998.11.16"]
[SourceVersion "1"]
[SourceVersionDate "1998.11.16"]
[SourceQuality "1"]

1. d4 d5 2. Bg5 g6 3. Nf3 Bg7 4. e3 Nd7 5. c4 dxc4 6. Bxc4 Nb6 7. Bb3 Nf6 8. Nc3 Nbd5 9. Nxd5 Nxd5 10. 0-0 c6 11. h3 Be6 12. Rc1 0-0 13. e4 Nc7 14. Qd3 Qd7 15. Rfd1 Rad8 16. Qe3 Bxb3 17. Qxb3 Ne6 18. Be3 b6 19. Qc4 Rc8 20. b4 Qb7 21. Nd2 Rfd8 22. Nb3 Qb8 23. Rd2 Rc7 24. Qa6 h6 25. Qc4 Rdd7 26. Qe2 Qd8 27. Qd1 Kh7 28. f4 f5 29. e5 Qg8 30. g4 Qf7 31. Qf3 Rd5 32. b5 Rxb5 33. Rxc6 Rd7 34. d5 Nxf4 35. e6 fxg4 36. hxg4 1-0

[Event "Linares Anibal op 05th"]
[Site "Linares"]
[Date "1998.01.28"]
[Round "9"]
[White "Dumitrescu, Dragos"]
[Black "Garcia Ilundain, David"]
[Result "1/2-1/2"]
[WhiteElo "2400"]
[BlackElo "2495"]
[PlyCount "42"]
[EventDate "1998.01.20"]
[EventType "swiss"]
[EventRounds "10"]
[EventCountry "ESP"]
[SourceTitle "CBM 062 Extra"]
[Source "ChessBase"]
[SourceDate "1998.03.09"]
[SourceVersion "1"]
[SourceVersionDate "1998.03.09"]
[SourceQuality "1"]

1. d4 Nf6 2. Bg5 e6 3. e4 h6 4. Bxf6 Qxf6 5. Nf3 d6 6. Bd3 g6 7. 0-0 Bg7 8. c3 0-0 9. Nbd2 Qd8 10. Qc2 Nd7 11. a4 c5 12. a5 Qc7 13. Rfc1 Nb8 14. Qa4 Rd8 15. b4 Nd7 16. Rab1 Nf6 17. bxc5 dxc5 18. Qb5 Rb8 19. e5 Bd7 20. Qb3 Nd5 21. Ne4 cxd4 1/2-1/2

[Event "Linares Anibal op 05th"]
[Site "Linares"]
[Date "1998.01.23"]
[Round "4"]
[White "Dumitrescu, Dragos"]
[Black "Calzetta Ruiz, Monica"]
[Result "1-0"]
[WhiteElo "2400"]
[BlackElo "2175"]
[PlyCount "39"]
[EventDate "1998.01.20"]
[EventType "swiss"]
[EventRounds "10"]
[EventCountry "ESP"]
[SourceTitle "CBM 062 Extra"]
[Source "ChessBase"]
[SourceDate "1998.03.09"]
[SourceVersion "1"]
[SourceVersionDate "1998.03.09"]
[SourceQuality "1"]

1. d4 Nf6 2. Bg5 Ne4 3. Bh4 d5 4. f3 Nd6 5. Nd2 Bf5 6. c4 c6 7. c5 Nb5 8. e4 Bg6 9. Bxb5 cxb5 10. Qb3 dxe4 11. Qxb5+ Nc6 12. fxe4 a6 13. Qxb7 Nxd4 14. Rc1 f6 15. c6 Rc8 16. c7 Qd7 17. Ngf3 Nb5 18. 0-0 Rxc7 19. Qa8+ Qd8 20. Qxa6 1-0

[Event "Pardubice Czech op"]
[Site "Pardubice"]
[Date "1998.??.??"]
[Round "9"]
[White "Ananchenko, Igor"]
[Black "Dumitrescu, Dragos"]
[Result "1/2-1/2"]
[WhiteElo "2285"]
[BlackElo "2400"]
[PlyCount "36"]
[EventDate "1998.07.??"]
[EventType "swiss"]
[EventRounds "9"]
[EventCountry "CZE"]
[SourceTitle "EXT 1999"]
[Source "ChessBase"]
[SourceDate "1998.11.16"]
[SourceVersion "1"]
[SourceVersionDate "1998.11.16"]
[SourceQuality "1"]

1. d4 Nf6 2. c4 g6 3. Nc3 Bg7 4. e4 d6 5. Be2 0-0 6. Nf3 e5 7. dxe5 dxe5 8. Qxd8 Rxd8 9. Bg5 c6 10. Nxe5 Re8 11. 0-0-0 Na6 12. Rd6 Be6 13. Nf3 Ng4 14. Nd2 Nc5 15. Bh4 Nh6 16. f4 Bf8 17. Rd4 Bg7 18. Rd6 Bf8 1/2-1/2

[Event "Pardubice Czech op"]
[Site "Pardubice"]
[Date "1998.??.??"]
[Round "4"]
[White "Dumitrescu, Dragos"]
[Black "Abhau, Jochen"]
[Result "1-0"]
[WhiteElo "2405"]
[BlackElo "2265"]
[PlyCount "73"]
[EventDate "1998.07.??"]
[EventType "swiss"]
[EventRounds "9"]
[EventCountry "CZE"]
[SourceTitle "EXT 2000"]
[Source "ChessBase"]
[SourceDate "1999.11.16"]
[SourceVersion "1"]
[SourceVersionDate "1999.11.16"]
[SourceQuality "1"]

1. d4 e6 2. c4 Nf6 3. Nc3 Bb4 4. Qc2 d5 5. Nf3 dxc4 6. e3 b5 7. a4 c6 8. Bd2 Qa5 9. Be2 Nd5 10. 0-0 Bxc3 11. axb5 Bxd2 12. Rxa5 Bxa5 13. Bxc4 0-0 14. bxc6 Nb4 15. Qa4 N4xc6 16. d5 exd5 17. Bxd5 Bd7 18. b4 Bxb4 19. Nd4 Nxd4 20. Qxb4 Nc2 21. Qb3 Nc6 22. Rd1 N2b4 23. Bxc6 Bxc6 24. Qxb4 a6 25. h4 Bb5 26. h5 h6 27. Rd4 Rad8 28. Rg4 Rd1+ 29. Kh2 Rd5 30. Rh4 Rfd8 31. e4 Rd4 32. Qc5 R4d6 33. Rg4 f6 34. f4 Re6 35. Qf5 Rde8 36. Qg6 Kh8 37. Qxg7# 1-0

[Event "Pardubice Czech op"]
[Site "Pardubice"]
[Date "1998.??.??"]
[Round "2"]
[White "Dumitrescu, Dragos"]
[Black "Mariano, Elia"]
[Result "1-0"]
[WhiteElo "2405"]
[BlackElo "2250"]
[PlyCount "65"]
[EventDate "1998.07.??"]
[EventType "swiss"]
[EventRounds "9"]
[EventCountry "CZE"]
[SourceTitle "EXT 2000"]
[Source "ChessBase"]
[SourceDate "1999.11.16"]
[SourceVersion "1"]
[SourceVersionDate "1999.11.16"]
[SourceQuality "1"]

1. d4 d5 2. Bg5 Nf6 3. Bxf6 gxf6 4. e3 Bf5 5. Bd3 Bxd3 6. Qxd3 c6 7. Nf3 Nd7 8. 0-0 Qc7 9. e4 dxe4 10. Qxe4 0-0-0 11. c4 e6 12. Nc3 f5 13. Qe2 Nf6 14. Rfd1 Bd6 15. Rab1 Rhg8 16. c5 Bf4 17. b4 Rg7 18. Kh1 Rdg8 19. g3 Bh6 20. b5 Nd5 21. Nxd5 cxd5 22. b6 axb6 23. Rxb6 f4 24. Rdb1 fxg3 25. fxg3 Bg5 26. Rxb7 Qxb7 27. Rxb7 Kxb7 28. Qb5+ Kc7 29. Ne5 f6 30. Qb6+ Kc8 31. Qxe6+ Kb8 32. Qd6+ Kc8 33. Qc6+ 1-0

[Event "Bucharest Fest GM"]
[Site "Bucharest"]
[Date "1998.??.??"]
[Round "?"]
[White "Nanu, Ciprian Costica"]
[Black "Dumitrescu, Dragos"]
[Result "0-1"]
[WhiteElo "2405"]
[BlackElo "2405"]
[PlyCount "104"]
[EventDate "1998.10.??"]
[EventType "tourn"]
[EventRounds "14"]
[EventCountry "ROU"]
[EventCategory "9"]
[SourceTitle "EXT 2000"]
[Source "ChessBase"]
[SourceDate "1999.11.16"]
[SourceVersion "1"]
[SourceVersionDate "1999.11.16"]
[SourceQuality "1"]

1. e4 c5 2. Nf3 d6 3. Bc4 Nf6 4. d3 Nc6 5. 0-0 e6 6. Re1 Be7 7. Bb3 0-0 8. c3 Bd7 9. Bc2 e5 10. Nbd2 Qc7 11. Nf1 d5 12. exd5 Nxd5 13. d4 cxd4 14. Nxe5 Nxe5 15. Qxd4 Nxc3 16. Qxe5 Qxe5 17. Rxe5 Bf6 18. Re1 Na4 19. Ne3 Rfe8 20. Rd1 Bc6 21. Rb1 Rad8 22. Rxd8 Rxd8 23. h3 h5 24. Nd1 Be4 25. Bxe4 Rxd1+ 26. Kh2 Be5+ 27. g3 Bxb2 28. Bc2 Rxc1 29. Rxc1 Bxc1 30. Bxa4 Kf8 31. h4 Ke7 32. Bd1 g6 33. Bb3 b5 34. Kg2 a5 35. f4 a4 36. Bd5 b4 37. Kf3 f5 38. Ke2 Bb2 39. Kd3 Bc3 40. Bc6 a3 41. Kc4 Be1 42. g4 fxg4 43. Kb3 Bxh4 44. Kxb4 Bf6 45. Be4 Kf7 46. Bd5+ Kg7 47. Kc4 Kh6 48. Kd3 h4 49. Be6 Kh5 50. Bf7 h3 51. f5 g3 52. fxg6 Kh6 0-1

[Event "EU-ch U20"]
[Site "Tallinn"]
[Date "1997.09.19"]
[Round "10"]
[White "Williams, Simon Kim"]
[Black "Dumitrescu, Dragos"]
[Result "0-1"]
[WhiteElo "2310"]
[BlackElo "2410"]
[PlyCount "94"]
[EventDate "1997.09.10"]
[EventType "swiss"]
[EventRounds "11"]
[EventCountry "EST"]
[SourceTitle "CBM 059 Extra"]
[Source "ChessBase"]
[SourceDate "1997.09.26"]
[SourceVersion "1"]
[SourceVersionDate "1997.09.26"]
[SourceQuality "1"]

1. d4 Nf6 2. c4 g6 3. Nc3 Bg7 4. e4 d6 5. Nge2 0-0 6. Ng3 e5 7. d5 a5 8. Be2 Na6 9. h4 h5 10. Bg5 Qe8 11. Qd2 Kh7 12. Rb1 Bd7 13. 0-0 Nc5 14. b3 Ng8 15. a3 a4 16. b4 Nb3 17. Qd1 Bh6 18. Qd3 Bxg5 19. hxg5 Qe7 20. Qe3 h4 21. Nh1 f6 22. gxf6 Nxf6 23. Qg5 Nxd5 24. Qxe7+ Nxe7 25. Rfd1 Nd4 26. Bd3 c6 27. Ne2 Nxe2+ 28. Bxe2 Rf6 29. Rd2 Be8 30. Rbd1 Rd8 31. f3 g5 32. Nf2 Bh5 33. Nd3 Ng6 34. Nc5 Nf4 35. Nxb7 Rd7 36. Na5 g4 37. Nxc6 Nxe2+ 38. Rxe2 gxf3 39. Rf2 Rg7 40. Rb1 h3 41. g4 Rxg4+ 42. Kh2 Rg2+ 43. Rxg2 hxg2 44. b5 Bg6 45. b6 Bxe4 46. b7 Bxb1 47. b8Q Rh6+ 0-1

[Event "EU-ch U20"]
[Site "Tallinn"]
[Date "1997.09.17"]
[Round "8"]
[White "Ooms, Andy"]
[Black "Dumitrescu, Dragos"]
[Result "0-1"]
[WhiteElo "2170"]
[BlackElo "2410"]
[PlyCount "88"]
[EventDate "1997.09.10"]
[EventType "swiss"]
[EventRounds "11"]
[EventCountry "EST"]
[SourceTitle "CBM 059 Extra"]
[Source "ChessBase"]
[SourceDate "1997.09.26"]
[SourceVersion "1"]
[SourceVersionDate "1997.09.26"]
[SourceQuality "1"]

1. d4 Nf6 2. Nf3 g6 3. g3 Bg7 4. Bg2 0-0 5. 0-0 d6 6. b3 c5 7. c4 Nc6 8. Bb2 Rb8 9. Nc3 a6 10. dxc5 dxc5 11. Na4 Nd7 12. Bxg7 Kxg7 13. Qd2 Qc7 14. Rfd1 b6 15. Qb2+ Kg8 16. Rd2 b5 17. cxb5 axb5 18. Nc3 Nf6 19. Rad1 Bf5 20. Ng5 c4 21. e4 Bg4 22. f3 Bc8 23. Nd5 Nxd5 24. exd5 Ne5 25. Ne4 f5 26. d6 Qa7+ 27. Kh1 Nd3 28. Rxd3 cxd3 29. Nc3 Rd8 30. Rxd3 Rxd6 31. Rxd6 exd6 32. Nd5 Qg7 33. Qc1 Be6 34. Nf4 Rc8 35. Qd1 Qb2 36. Qg1 Rc1 37. Bf1 Qa1 38. Kg2 Qxa2+ 39. Kh3 Qxb3 40. Qb6 Rxf1 41. Qd8+ Kg7 42. Qxd6 Bg8 43. Qd4+ Kh6 44. Nh5 Qc4 0-1

[Event "EU-ch U20"]
[Site "Tallinn"]
[Date "1997.09.12"]
[Round "3"]
[White "Dumitrescu, Dragos"]
[Black "Shishkov, Andrei"]
[Result "1-0"]
[WhiteElo "2410"]
[BlackElo "2230"]
[PlyCount "37"]
[EventDate "1997.09.10"]
[EventType "swiss"]
[EventRounds "11"]
[EventCountry "EST"]
[SourceTitle "CBM 059 Extra"]
[Source "ChessBase"]
[SourceDate "1997.09.26"]
[SourceVersion "1"]
[SourceVersionDate "1997.09.26"]
[SourceQuality "1"]

1. d4 Nf6 2. Bg5 c5 3. Bxf6 gxf6 4. d5 Qb6 5. Qc1 f5 6. g3 Bg7 7. c3 Na6 8. Nd2 Nc7 9. Bg2 e6 10. Nc4 Qa6 11. Qf4 0-0 12. Ne3 Nb5 13. Qc4 Rb8 14. Qxc5 d6 15. Qb4 Bd7 16. Nh3 Rfc8 17. 0-0 e5 18. Qh4 Qb6 19. Qh5 1-0

[Event "Erkel Memorial op"]
[Site "Gyula"]
[Date "1997.??.??"]
[Round "8"]
[White "Dumitrescu, Dragos"]
[Black "Ardeleanu, Alin"]
[Result "1/2-1/2"]
[WhiteElo "2380"]
[BlackElo "2420"]
[PlyCount "27"]
[EventDate "1997.??.??"]
[EventType "swiss"]
[EventRounds "9"]
[EventCountry "HUN"]
[SourceTitle "EXT 2001"]
[Source "ChessBase"]
[SourceDate "2000.11.22"]
[SourceVersion "1"]
[SourceVersionDate "2000.11.22"]
[SourceQuality "1"]

1. d4 c5 2. dxc5 e6 3. Nc3 Bxc5 4. Ne4 Nf6 5. Nxc5 Qa5+ 6. Qd2 Qxc5 7. Qg5 Qxg5 8. Bxg5 d5 9. c3 Nc6 10. Nf3 e5 11. g3 h6 12. Be3 Bf5 13. Bg2 Be4 14. 0-0 1/2-1/2